| Tag |
First Indicator |
Second Indicator |
Subfields |
| LEADER |
00000cam a2200000I 4500 |
| 001 |
in00002782987 |
| 005 |
20151202171828.0 |
| 008 |
770927s1966 dcuab b f000 0 eng |
| 010 |
|
|
|a gs 65000328
|
| 035 |
|
|
|a (OCoLC)ocm03300757
|
| 035 |
|
|
|a (OCoLC)3300757
|
| 040 |
|
|
|a DLC
|c AZU
|d IAS
|d OCL
|d OCLCQ
|d OCLCG
|d OCLCQ
|d OCLCA
|d UtOrBLW
|
| 043 |
|
|
|a n-us-ky
|
| 049 |
|
|
|a TXAM
|
| 050 |
|
4 |
|a QE75
|b .P9 no.507
|
| 082 |
0 |
4 |
|a 557.69
|
| 086 |
0 |
|
|a I 19.16:507
|
| 100 |
1 |
|
|a Huddle, John Warfield,
|d 1907-1975.
|
| 245 |
1 |
0 |
|a Geology and coal reserves of the Kermit and Varney area, Kentucky /
|c by John W. Huddle and Kenneth J. Englund.
|
| 264 |
|
1 |
|a Washington :
|b U.S. Govt. Print. Off,
|c 1966.
|
| 300 |
|
|
|a iv, 83 pages :
|b illustrations (9 folded) maps (7 folded, 2 color) ;
|c 29 cm.
|
| 336 |
|
|
|a text
|b txt
|2 rdacontent
|
| 337 |
|
|
|a unmediated
|b n
|2 rdamedia
|
| 338 |
|
|
|a volume
|b nc
|2 rdacarrier
|
| 490 |
1 |
|
|a Geological Survey professional paper 507
|
| 500 |
|
|
|a Prepared in cooperation with the Kentucky Geological Survey, University of Kentucky.
|
| 500 |
|
|
|a Issued in portfolio.
|
| 504 |
|
|
|a Bibliography: pages 79-80.
|
| 650 |
|
0 |
|a Geology
|z Kentucky
|z Martin County.
|
| 650 |
|
0 |
|a Geology
|z Kentucky
|z Pike County.
|
| 650 |
|
0 |
|a Coal
|z Kentucky
|z Martin County.
|
| 650 |
|
0 |
|a Coal
|z Kentucky
|z Pike County.
|
| 700 |
1 |
|
|a Englund, Kenneth John,
|d 1923-
|e author.
|
| 740 |
0 |
|
|a Coal reserves of the Kermit and Varney area, Kentucky.
|
| 830 |
|
0 |
|a Professional paper (Geological Survey (U.S.)) ;
|v 507.
|
| 948 |
|
|
|a cataloged
|b h
|c 2012/12/12
|d c
|e mvaldespin
|f 03:56:25 pm
|
| 994 |
|
|
|a C0
|b TXA
|
| 999 |
|
|
|a MARS
|
| 999 |
f |
f |
|s 3133007c-dc4c-3cc6-9ec9-84985c765526
|i a4a6b0af-bc93-38e4-8512-99993b2c2d9b
|t 0
|
| 952 |
f |
f |
|p normal
|a Texas A&M University
|b College Station
|c Sterling C. Evans Library
|d Evans: US Documents (Annex 5th floor)
|t 0
|e I 19.16:507-508
|h Superintendent of Documents classification
|i unmediated -- volume
|m A14839365094
|
| 952 |
f |
f |
|a Texas A&M University
|b College Station
|c Sterling C. Evans Library
|d Evans: US Documents (Annex 5th floor)
|t 0
|e I 19.16:507-508
|h Superintendent of Documents classification
|
| 998 |
f |
f |
|a I 19.16:507-508
|t 0
|l Evans: US Documents (Annex 5th floor)
|